Estudios sobre el gobierno inglés y sobre la influencia anglo-sajona / (Record no. 166480)

MARC details
000 -LEADER
campo de control de longitud fija 01007nam a2200229 i 4500
001 - NÚMERO DE CONTROL
campo de control 166480
003 - IDENTIFICADOR DE NÚMERO DE CONTROL
campo de control ES-MaACL
005 - FECHA Y HORA DE LA ÚLTIMA TRANSACCIÓN
campo de control 20230906213337.0
008 - DATOS DE LONGITUD FIJA--INFORMACIÓN GENERAL
campo de control de longitud fija 000207s1868 fr acf |||| | spa d
040 ## - FUENTE DE CATALOGACIÓN
Centro catalogador/agencia de origen CCPB | B
Lengua de catalogación spa
Centro/agencia transcriptor CCPB | B
080 ## - NÚMERO DE LA CLASIFICACIÓN DECIMAL UNIVERSAL
Número de la Clasificación Decimal Universal 930.85(410)
100 1# - ENTRADA PRINCIPAL--NOMBRE DE PERSONA
Nombre de persona Torres Caicedo, José María.
9 (RLIN) 133326
245 10 - MENCIÓN DEL TÍTULO
Título Estudios sobre el gobierno inglés y sobre la influencia anglo-sajona /
Mención de responsabilidad, etc. José M. Tórres Caicedo.
260 ## - PUBLICACIÓN, DISTRIBUCIÓN, ETC.
Lugar de publicación, distribución, etc. París :
Nombre del editor, distribuidor, etc. Baudry, librería europea :
-- Damard-Baudry y cia, sucesores,
Fecha de publicación, distribución, etc. 1868 (
Fabricante imprenta general de Ch. Lahure)
300 ## - DESCRIPCIÓN FÍSICA
Extensión 2 v. (412, [1] h. de grab. ; 392 p.) ;
Dimensiones 23 cm.
500 ## - NOTA GENERAL
Nota general Texto en español; prólogo en francés.
530 ## - NOTA DISPONIBLE DE FORMULARIO FÍSICO ADICIONAL
Nota de formato físico adicional disponible Disponible también en sitio web.
599 ## - NOTA A LAS ILUSTRACIONES
NOTA A LAS ILUSTRACIONES La h. de lám. es lit.
651 #4 - PUNTO DE ACCESO ADICIONAL DE MATERIA--NOMBRE GEOGRÁFICO
Nombre geográfico Gran Bretaña-
Subdivisión general Civilización.
9 (RLIN) 144519
852 ## - LOCALIZACIÓN
Ubicación ES-MaACL
Número de control de estantería F-7822-23
Nota libre -- Enc. hol.
856 ## - LOCALIZACIÓN Y ACCESO ELECTRÓNICOS
Identificador Uniforme de Recursos <a href="http://bibliotecadigitalhispanica.bne.es:80/webclient/DeliveryManager?pid=3279856&custom_att_2=simple_viewer">http://bibliotecadigitalhispanica.bne.es:80/webclient/DeliveryManager?pid=3279856&custom_att_2=simple_viewer</a>
Nota pública Ir a la página
Holdings
Estatus retirado Estado de pérdida Estado de daño No para préstamo Colección Biblioteca de origen Biblioteca actual Ubicación en estantería Fecha de adquisición Total de préstamos Signatura topográfica completa Código de barras Visto por última vez Precio de reemplazo Tipo de ítem Koha
        Colección digital Biblioteca del Ateneo de Madrid Biblioteca del Ateneo de Madrid Sala Pecera Planta 2 17/01/2008   F-7822-23 1174605 23/02/2023 23/02/2023 Libro impreso antiguo